000 01219nam a2200265Ia 4500
003 Ost
005 20260507075042.0
008 260507s9999||||xx |||||||||||||| ||und||
020 _a9775394864
040 _cfsecg
041 _aara
082 _a0
100 _aمنصور، محمد حسين
_eمؤلف
245 0 _aالمسؤولية المعمارية /
_c محمد حسين منصور
260 _aالإسكندرية:
_bدار الجامعة الجديدة للنشر,
_c2003
300 _a371 صفحة؛
_bإيضاحات ؛
_c24 سم
490 _aالمكتبة القانونية
504 _aالملاحق ص.313
520 _aصور المسئولية المعمارية، ملامح المسئولية الجنائية المعمارية، مسئولية المهندس والمقاول أثناء فترة التنفيذ، مسئولية المقاول والمهندس بعد تسليم البناء، مسئولية المالك(حارس البناء)، التأمين الإجباري من مسئولية حوادث البناء
653 _aالبناء
653 _aالتأمين - البنوك
653 _aالعمارة
653 _aالمسؤولية
942 _cكتاب
999 _c42527
_d42527